000
00251nam a2200109Ia 4500
008
190216s9999||||xx |||||||||||||| ||und||
100
_a
Aggarwal Rs
245
0
_a
Quantitative Aptitude
260
_b
S Chand & Co
_c
2012
300
_a
551p
942
_c
REF
999
_c
36949
_d
36949